01088nam a2200229 a 450000100100000000500170001000800410002702000150006804000250008310000410010824501340014926001520028330000280043549000400046350400730050350400300057650000210060671000610062783000470068895201060073599900170084100004165420201002035705.0131015s1987 sp 000 0 spa d a8400066340 aDO-SdBNPbspacBNPHU1 aFerrer i Mallol, Maria Teresa96844310aEls Sarraïns de la Corona Catalano-Aragonesa en el segle XIV :bsegregació i discriminació /cMaria Teresa Ferrer i Mallol. aBarcelona :bConsell Superior d'Investigacions científiques, Institució Milà i Fontanals, Unitat d'Investigaciò d'Estudis Medievals,c1987. aXXXIV, 427 p. ;c25 cm.1 aAnuario de estudios medievales.v16 aIncluye referencias bibliográficas y notas al pie de las páginas aBibliografía : p. 23-34 aIncluye índice2 aConsell Superior d'Investigacions científiques.967768 0aAnuario de estudios medievales.v16968444 0010507-18MOaGRbGRcOId2013-10-15iLF1l0o p41654-10r2020-06-25w2020-06-25y1ZNo se presta c41144d41144